|
|
|
|
| LEADER |
00621nta a2200169 i 4500 |
| 001 |
dipl51300 |
| 005 |
20150625083741.0 |
| 008 |
150625s2014 hu om 0|| zxx d |
| 040 |
|
|
|a SZTE Diploma Repozitórium
|b hun
|
| 041 |
|
|
|a zxx
|
| 100 |
1 |
|
|a Valyuch Mónika
|
| 245 |
1 |
0 |
|a Los caminos de los sefardíes
|h [elektronikus dokumentum] /
|c Mónika Valyuch
|
| 246 |
1 |
0 |
|a The ways of Sephardic Jews
|h [elektronikus dokumentum]
|
| 260 |
|
|
|c 2014
|
| 650 |
|
4 |
|a Bölcsészettudományok
|
| 700 |
1 |
|
|a Anderle Ádám
|e ths
|
| 856 |
4 |
0 |
|u http://diploma.bibl.u-szeged.hu/id/eprint/51300/1/2013_Valyuch_M%C3%B3nika_VAMRABB_SZE_SZ.pdf
|z Dokumentum-elérés
|